Statistics for 2023-24 FIFA BAYERN MUNICH PLAYER BY PICTURE

Click here to take the quiz!

General Stats

  • This quiz has been taken 131 times
  • The average score is 17 of 19

Answer Stats

Answer% Correct
Harry Kane
98%
Manuel Neuer
98%
Kingsley Coman
97%
Thomas Müller
96%
Jamal Musiala
95%
Leroy Sané
95%
Alphonso Davies
94%
Kim Min-jae
92%
Serge Gnabry
92%
Dayot Upamecano
90%
Eric Maxim Choupo-Moting
90%
Joshua Kimmich
89%
Leon Goretzka
87%
Matthijs de Ligt
87%
Noussair Mazraoui
77%
Sven Ulreich
77%
Mathys Tel
75%
Konrad Laimer
74%
Raphaël Guerreiro
74%

Score Distribution

Percentile by Number Answered

Percent of People with Each Score

Your Score History

You have not taken this quiz